Maximum achievement : (Record no. 37913)

MARC details
000 -LEADER
fixed length control field 00720nam a22001937a 4500
005 - DATE AND TIME OF LATEST TRANSACTION
control field 20100727134843.0
010 ## - LCCN (DPL NO)
LC control number ENG-97186
020 ## - INTERNATIONAL STANDARD BOOK NUMBER
International Standard Book Number 9788183221443
Terms of availability 225.00
035 ## - SYSTEM CONTROL NUMBER
System control number EN-80719
037 ## - SOURCE OF ACQUISITION
Source of stock number/acquisition DBAD/PUB
082 ## - DEWEY DECIMAL CLASSIFICATION NUMBER
Classification number 158.1
100 ## - MAIN ENTRY--PERSONAL NAME
Personal name Tracy, Brian
245 ## - TITLE STATEMENT
Title Maximum achievement :
Remainder of title strategies & skills that will unlock your hidden powers to succeed /
Statement of responsibility, etc by Brian Tracy
260 ## - PUBLICATION, DISTRIBUTION, ETC. (IMPRINT)
Place of publication, distribution, etc Bhopal
Name of publisher, distributor, etc Manjul Publishing
Date of publication, distribution, etc 2010
270 ## - ADDRESS
Address 42 Malviya Nagar,
Postal code 462003
300 ## - PHYSICAL DESCRIPTION
Extent 352 p.
Dimensions 20 cm.(pbk)
942 ## - ADDED ENTRY ELEMENTS (KOHA)
Source of classification or shelving scheme Dewey Decimal Classification
Item type English Books
Classification part 158.1
Call number suffix TRA
Holdings
Withdrawn status Lost status Not for loan Collection code Home library Current library Date acquired Source of acquisition Cost, normal purchase price Full call number Barcode Copy number Cost, replacement price Koha item type
    Not For Loan Non-fiction D.B.Act.Division D.B.Act.Division 27/07/2010 DBAD/PUB 225.00 158.1 TRA EN-80719 1 225.00 English Books

© Delhi Public Library
Hit Counter
free hit counter